000
00280nam a2200133Ia 4500
100
_a
Subbiah K.
942
_c
BK
654
_a
Fitten.
245
_a
Fitten tools & practice II
260
_b
M/s L.S. Bedi & Sons.
_c
2001
082
_a
621.9
300
_a
160
546
_a
ENGLISH
999
_c
30675
_d
30675